000 00614nam a2200217Ia 4500
005 20241129110101.0
008 241129s9999||||xx |||||||||||||| ||und||
020 _a978-1-032-33361-8
037 _aTB
040 _aARTS
_beng
_cARTS
041 _aeng
_2eng
084 _aS:4 R3
_qARTS
100 _aTalsma Durk Au.
_9727150
245 0 _aPsychology of cognition: an introduction to cognitive neuroscience
_cTalsma Durk Au.
260 _aUK
_bRoutledge
_c2024
300 _axiv,821p.
365 _aUKP
_b46.99
650 _aPsychologyBrain
_9726897
942 _cTB
_hS:4 R3
999 _c1227241
_d1227241